| 000 -LEADER |
| fixed length control field |
00631nam a22002297a 4500 |
| 008 - FIXED-LENGTH DATA ELEMENTS--GENERAL INFORMATION |
| fixed length control field |
151015b xxu||||| |||| 00| 0 eng d |
| 020 ## - INTERNATIONAL STANDARD BOOK NUMBER |
| International Standard Book Number |
0538867701 |
| 041 0# - LANGUAGE CODE |
| Language code of text/sound track or separate title |
eng |
| 080 ## - UNIVERSAL DECIMAL CLASSIFICATION NUMBER |
| Universal Decimal Classification number |
656.07 |
| 100 1# - Rafti |
| Rafti |
Assael, Henry. |
| 245 10 - TITLE STATEMENT |
| Title |
Consumer behavior and marketing action / |
| Statement of responsibility, etc |
Henry Assael. |
| 246 30 - VARYING FORM OF TITLE |
| Title proper/short title |
Consumer behavior |
| 250 ## - |
| -- |
6th ed. |
| 260 ## - |
| -- |
Cincinnati, Ohio : |
| -- |
South-Western College Pub., |
| -- |
c1998. |
| 300 ## - |
| -- |
xviii, 718 f. : |
| -- |
me il.; |
| -- |
24 cm. |
| 650 #0 - |
| -- |
Sjellja konsumatore |
| 650 #0 - |
| -- |
Motivimi |
| 650 #0 - |
| -- |
Sjellja organizative |
| 650 #0 - |
| -- |
Marketing |
| 650 #0 - |
| -- |
Hulumtim |
| 942 ## - ADDED ENTRY ELEMENTS (KOHA) |
| Source of classification or shelving scheme |
|
| Item type |
Books |